000 00448nam a22001817a 4500
003 MPLRDC
005 20220104124254.0
008 210129b ||||| |||| 00| 0 eng d
020 _a7-80021-036-7
082 _a784.28 DGL
100 _a让. 拉古都尔
245 _a戴高乐全传
_c允道 等译
250 _a第一版
260 _a
_b军事科学出版社
_c1988
300 _b
650 _a法国传记
942 _cBK
_o784.28 DGL
999 _c18009
_d17999